|
|
|
|
| LEADER |
01326nam a22003852a 4500 |
| 001 |
000541975 |
| 003 |
CZ BrMZK |
| 005 |
20220107112059.0 |
| 007 |
ta |
| 008 |
031026s1906 xr f |||| 0 cze d |
| 015 |
|
|
|a cnb000344016
|
| 020 |
|
|
|q (Brož.)
|
| 040 |
|
|
|a BOA001
|b cze
|
| 041 |
0 |
|
|a cze
|a ger
|
| 043 |
|
|
|a e-xr---
|
| 045 |
|
|
|a w-x-
|
| 072 |
|
7 |
|a 14(100-15)"15/20"
|x Moderní západní filozofie
|2 Konspekt
|9 5
|
| 080 |
|
|
|a 14(437.3)
|2 MRF
|
| 080 |
|
|
|a 101-051
|2 MRF
|
| 080 |
|
|
|a (081)
|2 MRF
|
| 245 |
0 |
0 |
|a Sborník Durdíkův.
|n Díl I.
|
| 260 |
|
|
|a Praha :
|b Jednota filosofická,
|c 1906
|
| 300 |
|
|
|a xxxix, 486 s. ;
|c 24 cm
|
| 490 |
1 |
|
|a Knih vydaných Jednotou filosofickou č. 1
|
| 546 |
|
|
|a Částečně německý text
|
| 600 |
1 |
7 |
|a Durdík, Josef,
|d 1837-1902
|7 jk01023342
|2 czenas
|
| 648 |
|
7 |
|a 19.-20. století
|7 ch757015
|2 czenas
|
| 650 |
0 |
7 |
|a filozofové
|7 ph117191
|z Česko
|y 19.-20. století
|2 czenas
|
| 650 |
0 |
7 |
|a česká filozofie
|7 ph128114
|y 19.-20. století
|2 czenas
|
| 655 |
|
7 |
|a sborníky
|7 fd724345
|2 czenas
|
| 700 |
1 |
|
|a Durdík, Josef,
|d 1837-1902
|7 jk01023342
|4 ant
|4 aut
|
| 830 |
|
0 |
|a Knihy vydané Jednotou filosofickou
|
| 856 |
4 |
1 |
|u http://www.digitalniknihovna.cz/mzk/uuid/uuid:3f2d1a90-657f-11e4-8214-005056827e51
|y Digitalizovaný dokument
|x NDK
|
| 910 |
|
|
|a BOA001
|b 2-0032.075,1
|
| 990 |
|
|
|a BK
|